000 00277nam a22001337a 4500
008 170511b xxu||||| |||| 00| 0 eng d
020 _a9780312436285
041 _aeng
080 _a34
100 _a15
101 _aSHJ
245 _aARGUMENTS
_cBARNET, S
942 _2udc
_cBK
999 _c13258
_d13258